Pozycja Personal Name
Liczba rekordów, w których użyto hasła: 1
001 - Numer kontrolny
- control field: 40615
003 - Identyfikator numeru kontrolnego
- control field: NUKAT
005 - Data i czas ostatniej modyfikacji
- control field: 20260427103852.0
008 - Dane kontrolne kodowane (40 znaków)
- fixed length control field: 960208n||a|znnaabn |a aaa |c
010 ## - Numer kontrolny Biblioteki Kongresu
- numer kontrolny LC: n 96400346
024 7# - OTHER STANDARD IDENTIFIER
- Standard number or code: 42054725
- Source of number or code: viaf
024 7# - OTHER STANDARD IDENTIFIER
- Standard number or code: 0000000054640522
- Source of number or code: isni
024 7# - OTHER STANDARD IDENTIFIER
- Standard number or code: Q9355016
- Source of number or code: wikidata
040 ## - Instytucja sporządzająca rekord
- inst. przygot. dane do rek. khw: WR U/jm
- język haseł przedmiotowych/tezaurus: kaba
- inst. wprow. rek. khw: WR U/jm
- inst. modyf. rek. khw: WA N/PBbj
- inst. modyf. rek. khw: WA U/BM
- inst. modyf. rek. khw: KR PAU/SGs
043 ## - Kod obszaru geograficznego
- ISO code: PL
046 ## - Special dates
- Birth date: 1956
100 1# - Hasło - nazwa osobowa
- nazwa osobowa w formie ujednoliconej: Wolsza, Tadeusz
- daty biograficzne: (1956- ).
368 ## - Other Attributes
- Title of person: profesor nauk humanistycznych.
370 ## - Associated place
- Country: Polska.
- Auth control #: http://nukat.edu.pl/aut/s 94110000
- Source of term: kaba
370 ## - Associated place
- Place of birth: Oława (Polska).
- Auth control #: http://nukat.edu.pl/aut/s 97053314
- Source of term: kaba
372 ## - Field of activity
- Field: Historia.
- Auth control #: http://nukat.edu.pl/aut/s 94205867
- Source of term: kaba
372 ## - Field of activity
- Field: Nauczanie akademickie.
- Auth control #: http://nukat.edu.pl/aut/s 97050108
- Source of term: kaba
372 ## - Field of activity
- Field: Nauki polityczne.
- Auth control #: http://nukat.edu.pl/aut/s 96011575
- Source of term: kaba
374 ## - Occupation
- Occupation: Historycy.
- Auth control #: http://nukat.edu.pl/aut/s 94205772
- Source of term: kaba
374 ## - Occupation
- Occupation: Nauczyciele akademiccy.
- Auth control #: http://nukat.edu.pl/aut/s 97050877
- Source of term: kaba
374 ## - Occupation
- Occupation: Politolodzy.
- Auth control #: http://nukat.edu.pl/aut/s 96011691
- Source of term: kaba
375 ## - Gender
- Gender: 1
- Source of term: iso5218
377 ## - Assoc lang
- Lang code: pol
670 ## - Źródło informacji
- źródło informacji: PB'95
670 ## - Źródło informacji
- źródło informacji: Kp. Arcymistrzowie, mistrzowie, amatorzy... / Tadeusz Wolsza. - Warszawa, 1995
670 ## - Źródło informacji
- źródło informacji: OPI - Ludzie Nauki online
670 ## - Źródło informacji
- źródło informacji: Słownik biograficzny naukowców bydgoskich / Krystyna Kwaśniewska, Jacek Woźny. - Bydgoszcz, 2009.
- gdzie znaleziono informację: Biogram
670 ## - Źródło informacji
- źródło informacji: Kp. Tadeusz Wolsza, Za żelazną kurtyną, Europa Środkowo-Wschodnia, Związek Sowiecki i Józef Stalin w opiniach polskiej emihracji politycznej w Wielkiej Brytanii 1944/1945-1953... / Rafał Habielski // Kwartalnik Historyczny : organ Towarzystwa Historycznego. - R. 113, nr 2 (2006), s. 194-198.
- gdzie znaleziono informację: Rec
670 ## - Źródło informacji
- źródło informacji: pl.wikipedia, 23.08.2022
- adres internetowy: https://pl.wikipedia.org/wiki/Tadeusz_Wolsza
670 ## - Źródło informacji
- źródło informacji: BNPol online
675 ## - Źródło nie podające informacji
- wskazanie źródła: KjK